000
00349nam a22001217a 4500
082
_a
346.02095491 MAH
100
_a
Mahmood, M.
245
_a
The Contract Act, 1872 /
_c
M. Mahmood
260
_a
Lahore :
_b
Al-Qanoon Publishers,
_c
2008-2020.
300
_a
1756 p. ;
_c
24 cm.
942
_2
ddc
_c
BK
999
_c
586026
_d
586026